| 000 | 00504nam a2200169Ia 4500 | ||
|---|---|---|---|
| 005 | 20250423101146.0 | ||
| 008 | 250422s9999 xx 000 0 und d | ||
| 020 | _a0874364302 | ||
| 050 | _aJX 1974 .E55/ | ||
| 245 | 4 | _aThe arms control, disarmament, and military security dictionary | |
| 260 | _aCalifornia | ||
| 260 | _bClio press ltd | ||
| 260 | _c1989 | ||
| 300 | _a349 p | ||
| 650 | _aArms control--Dictionaries. Disarmament--Dictionaries. Security, International--Dictionaries. | ||
| 942 | _cBK | ||
| 999 |
_c35469 _d35469 |
||